000 00768nam a2200265Ia 4500
005 20250425162313.0
008 250425s9999 xx 000 0 und d
020 _a8448107152
041 _aspa
082 _a363.7396
100 _aLAGREGA MICHAEL D., BUCKINGHAM PHILLIP L., EVANS JEFFREY C.
245 0 _aGESTION DE RESIDUOS TOXICOS. TRATAMIENTOS, ELIMINACION Y RECUPERACION DE SUELOS
250 _aS.E.
260 _aEspaña
_bMCGRAW-HILL
_c1996
260 _aMADRID
300 _a673
500 _aTítulo Traducido: HAZARDOUS WASTE MANAGEMENT
650 _aEMPLAZAMIENTO
650 _aESTABILIZACION
650 _aMETODOS
650 _aRECUPERACION
700 _aBELEN GARRIDO-LESTACHE VALENCIANO
_etraductor
942 _c01
010 _a60438
999 _c226459
_d226459